1730 1256 1330 1657 1434 1640 1664 1614 1614 1881 1059 1630 1985 1835 1365 1137 1282 1395 1901 1108 1644 1268 1726 1277 1633 1935 1279 1591 1631 1271 1310 1091 1802 1205 1539 1036 1060 1489 1185 1126 1925 1511 1625 1466 1527 1252 1145 1431 1831 1649 1949 1552 1989 1797 1808 1992 1984 1936 1605 1865 1138 1970 1461 1230 1036 1662 1564 1995 1254 1726 1714 1795 1220 1306 1131 1957 1287 1554 1327 1039 1664 1348 1915 1780 1133 1231 1223 1545 1756 1268 1021 1157 1152 1056 1495 1843 1798 1386 1533 BCNSPRNW ULIB Ver.6.0+V

เปลี่ยนเป็นภาษาไทย

Change to English
 แสดงรายละเอียดบรรณานุกรม
  กลับหน้าหลัก

Brief Record : Get Marc (ISO 2709) : E-mail record : QR code < ปิดหน้าต่าง
LEADER : 00000nam 2200000uu 4500
001    13399111822
003     ULIB
008    110708s2543||||th 000 0 tha d
020    9747520508
050  4 DS578.3^b¡298¡ 2543
100 0  กฤษณะ ไชยรัตน์
245 10 กฤษณะล้วงลูก /^cกฤษณะ ไชยรัตน์
250    พิมพ์ครั้งที่ 1
260    กรุงเทพฯ :^bอมรินทร์พริ้นติ้งแอนด์พับลิชชิ่ง,^c2543
300    169 หน้า :^bภาพประกอบ ;^c19 ซม.
440  0 รวมบทสัมภาษณ์ ;^vลำดับที่ 4
650  7 รวมเรื่อง
653    Open Your Eyes Project
945    ^p125^l0^i016117
995    ทศพร
999 ^a ใช้งานได้ทุกระบบ
รายการนี้ยังไม่มีแท็ก
คุณยังไม่ได้ล็อกอิน คุณสามารถมีกิจกรรมร่วมกับเว็บไซต์ได้ แต่ต้องล็อกอินก่อน ::
  ล็อกอิน

รายการสื่อสารสนเทศ

ลำดับที่ ประเภท เลขเรียก/บาร์โค้ด สถานที่ สถานะ
- ไม่พบข้อมูล -

รายการใกล้เคียง
    หัวเรื่อง [รวมเรื่อง]

BibComment


ยังไม่เคยถูกคอมเมนท์

คอมเมนท์ทรัพยากรรายการนี้
  คอมเมนท์: กฤษณะล้วงลูก กฤษ..


 Copyright 2026. Bcnsprnw @Library